00354pab a2200121 454500008004000000100002400040245007700064260000900141300001100150362000900161650003400170773002800204180718b1988 xxu||||| |||| 00| 0 eng d aSkaburskia, Andreys aSpeculation and housing pricesbA study of vancouver's boom - bust cycle c1988 a556-80 aJun. aHousing - Finance - Vancouver aUrban Affairs Quarterly